Statistics for Around the Pacific Ocean - Cities

Click here to take the quiz!

General Stats

  • This quiz has been taken 12 times
    (3 since last reset)
  • The average score is 18 of 30

Answer Stats

Answer % Correct
North AmericaVancouver
100%
North AmericaSan Francisco
100%
North AmericaLos Angeles
100%
North AmericaSan Diego
100%
North AmericaSeattle
100%
South AmericaLima
100%
AustraliaMelbourne
100%
AustraliaSydney
100%
AustraliaBrisbane
100%
AsiaHo-Chi-Minh City
67%
AsiaSeoul / Incheon
67%
AsiaDalian
67%
AsiaHong Kong
67%
AsiaGuangzhou / Shenzhen
67%
AsiaBangkok
67%
South AmericaGuayaquil
67%
North AmericaPanama City
67%
North AmericaTijuana
67%
AsiaShantou
33%
AsiaXiamen
33%
AsiaFuzhou
33%
AsiaWenzhou
33%
AsiaHangzhou
33%
AsiaShanghai
33%
AsiaQingdao
33%
AsiaTianjin
33%
North AmericaSan Salvador
33%
AsiaBusan
33%
AsiaTaizhou
0%
AsiaNantong
0%

Score Distribution

Percentile by Number Answered

Percent of People with Each Score

Your Score History

You have not taken this quiz since the last reset